LEADER 01842cam a2200697 7i4500
001 0000024088
005 20100122090000.0
090 0 0 |a I 338.7   |b ECO 
110 2 0 |a Economic and Social Commission for Asia and the Pacific (ESCAP) 
245 2 0 |a Directory of trade and investment - related organization of developing countries and areas in Asia and the Pacific :   |b 2009. 
250 0 0 |a 14th ed. 
260 0 0 |a Bangkok:   |b United Nations,   |c 2009. 
300 # # |a 283 p. 
650 0 0 |a Trade  
651 0 0 |a Cook Islands  
651 0 0 |a French Polynesia  
651 0 0 |a New Caledonia  
651 0 0 |a Mongolia  
651 0 0 |a Armenia  
651 0 0 |a Azerbaijan  
651 0 0 |a Bhutan  
651 0 0 |a Kyrgyzstan  
651 0 0 |a Hong Kong, China  
651 0 0 |a Papua New Guine  
651 0 0 |a Samoa  
651 0 0 |a Tajikistan  
651 0 0 |a South Korea  
651 0 0 |a Marshall Islands  
651 0 0 |a Guam  
651 0 0 |a American Samoa  
651 0 0 |a Democratic People's Republic of Korea  
651 0 0 |a Kiribati  
651 0 0 |a Lao People's Democratic Republic  
651 0 0 |a Macao, China  
651 0 0 |a Russia Federation  
651 0 0 |a Sri Lanka  
651 0 0 |a Thailand  
651 0 0 |a Pakistan  
651 0 0 |a Philippines  
651 0 0 |a Singapore  
651 0 0 |a Indonesia  
651 0 0 |a Malaysia  
651 0 0 |a Fiji  
651 0 0 |a India  
651 0 0 |a Vietnam  
651 0 0 |a Iran  
651 0 0 |a Brunei Darussalam  
651 0 0 |a Solomon Islands  
651 0 0 |a Cambodia  
651 0 0 |a China  
651 0 0 |a Nepal  
651 0 0 |a Tonga  
651 0 0 |a Georgia  
651 0 0 |a Maldives  
651 0 0 |a Bangladesh  
651 0 0 |a Vanuatu  
651 0 0 |a Myanmar  
651 0 0 |a Kazakhstan  
651 0 0 |a Uzbekistan  
651 0 0 |a Afghanistan  
999 |a 0000025570  |b Book  |c International  |e Business Information Centre